[Event "RUS-Cup final"]
[Site "Samara"]
[Date "1998.08.31"]
[Round "3"]
[White "Khalifman, Alexander"]
[Black "Filippov, Valerij"]
[Result "1-0"]
[WhiteElo "2645"]
[BlackElo "2595"]

1.d4 Nf6 2.c4 e6 3.Nf3 d5 4.Nc3 Bb4 5.Bg5 Nbd7 6.Qa4 c5 7.cxd5 exd5 8.dxc5 Qa5
9.Bd2 O-O 10.Qxa5 Bxa5 11.Rc1 Nxc5 12.Nxd5 Bxd2+ 13.Nxd2 Nxd5 14.Rxc5 Be6
15.e4 Nb6 16.b3 Nd7 17.Rc3 Rac8 18.Rxc8 Rxc8 19.Kd1 Ne5 20.Be2 g5 21.h4 h6
22.hxg5 hxg5 23.Nb1 Kg7 24.Kd2 Rd8+ 25.Ke3 Rc8 26.Kd2 Rd8+ 27.Kc3 Kf6 28.Rd1 Rh8
29.Kd2 Rh2 30.Rg1 Nc6 31.Ke3 Nb4 32.Nc3 Ke5 33.Bd3 a6 34.Bb1 Nc6 35.Ne2 Kf6
36.Nd4 Nxd4 37.Kxd4 g4 38.e5+ Kg5 39.Be4 b5 40.Rc1 Rh8 41.Rc6 a5 42.Ra6 Rd8+
43.Ke3 Rd1 44.Rxa5 Re1+ 45.Kd3 b4 46.Ra4 Ra1 47.g3 Rd1+ 48.Ke3 Re1+ 49.Kd3 Rd1+
50.Ke3 Re1+ 51.Kd4 Re2 52.f3 gxf3 53.Bxf3 Rf2 54.Bb7 Kf5 55.Kc5 Kxe5 56.Kxb4 Rf1
57.Ra5+ Kd6 58.Rc5 f5 59.Rc6+ Ke5 60.Rc3 Kd4 61.a4  1-0

[Event "RUS-Cup final"]
[Site "Samara"]
[Date "1998.09.04"]
[Round "6"]
[White "Khalifman, Alexander"]
[Black "Landa, Konstantin"]
[Result "1/2-1/2"]
[WhiteElo "2645"]
[BlackElo "2520"]

1.d4 Nf6 2.c4 e6 3.Nf3 d5 4.Nc3 Be7 5.Bg5 h6 6.Bh4 O-O 7.e3 b6 8.Bd3 Bb7
9.O-O Nbd7 10.Qe2 Ne4 11.Bg3 Nxg3 12.hxg3 Bb4 13.cxd5 exd5 14.Rac1 c5 15.dxc5 bxc5
16.Rfd1 Qf6 17.a3 Bxc3 18.Rxc3 Rac8 19.Qc2 g6 20.Bb5 Bc6 21.Qa4 Nb6 22.Qa5 Bxb5
23.Qxb5 Qc6 24.Qxc6 Rxc6 25.Rc2 Rfc8 26.Rdc1 R6c7 27.Nd4 a6 28.Ne2 Kf8 29.b4 Nc4
30.Rc3 cxb4 31.axb4 Rb7 32.Nf4 Rd8 33.e4 Nd6 34.e5 Nc4 35.Nd3 Rb5 36.Ra1 Ra8
37.Rc2 h5 38.Rca2 a5 39.f4 Ra6 40.Ra4 Kg7 41.Ne1 Rab6 42.bxa5 Ra6 43.Nc2 Rbxa5  1/2-1/2

[Event "Bayern-ch Bank Hofmann 2nd"]
[Site "Bad Wiesse"]
[Date "1998.??.??"]
[Round "1"]
[White "Khalifman, Alexander"]
[Black "Freise, Eckhard"]
[Result "1-0"]
[WhiteElo "2260"]
[BlackElo "2030"]

1.Nf3 f5 2.d4 Nf6 3.g3 g6 4.Bg2 Bg7 5.O-O O-O 6.c4 d6 7.Nc3 Qe8 8.Nd5 Na6
9.Nxf6+ Rxf6 10.e4 e5 11.exf5 e4 12.Re1 gxf5 13.Ng5 Be6 14.f3 Bxc4 15.fxe4 Qb5
16.b3 Bf7 17.e5 dxe5 18.dxe5 Rd6 19.exd6 Bxa1 20.Nxf7  1-0

[Event "Bayern-ch Bank Hofmann 2nd"]
[Site "Bad Wiesse"]
[Date "1998.??.??"]
[Round "2"]
[White "Unger, Michael"]
[Black "Khalifman, Alexander"]
[Result "0-1"]
[WhiteElo "2220"]
[BlackElo "2645"]

1.d4 Nf6 2.c4 c5 3.Nf3 cxd4 4.Nxd4 Nc6 5.Nc3 e6 6.g3 Qb6 7.Nf3 Bb4 8.Bg2 Ne4
9.O-O Nxc3 10.bxc3 Bxc3 11.Be3 Qa5 12.Rc1 O-O 13.Qb3 Bf6 14.Rfd1 Be7 15.Bf4 Qa3
16.Qb1 h6 17.Rd3 Qa5 18.Nd4 Nxd4 19.Rxd4 Bc5 20.Rd3 e5 21.Bd2 Qc7 22.Bd5 d6
23.Rb3 Kh8 24.Bxb7 Bxb7 25.Rxb7 Qc6 26.Rc3 Bd4 27.Rf3 Qxc4 28.Qf5 e4 29.Rf4 Qxe2
30.Qxe4 Bxf2+ 31.Kg2 Be3+ 32.Kh3 Qxd2 33.Rf3 Rae8 34.Re7 Rxe7 35.Qxe7 Kg8
36.Rxe3 Qxa2 37.Qxd6 Qf2 38.Qd3 g6 39.Rf3 Qc5 40.Qb3 a5 41.Rf4 Qc6 42.Ra4 Ra8
43.Qa3 Qe6+ 44.Kg2 Rd8  0-1

[Event "Bayern-ch Bank Hofmann 2nd"]
[Site "Bad Wiesse"]
[Date "1998.??.??"]
[Round "3"]
[White "Khalifman, Alexander"]
[Black "Grund, Holger"]
[Result "1-0"]
[WhiteElo "2645"]
[BlackElo "2345"]

1.d4 d5 2.Nf3 Nf6 3.c4 dxc4 4.Nc3 c6 5.a4 Bf5 6.e3 e6 7.Bxc4 Na6 8.O-O Nb4
9.Ne5 Be7 10.Qe2 Nd7 11.e4 Bg6 12.Be3 Nxe5 13.dxe5 Qa5 14.Kh1 Bc5 15.Bg5 h6
16.Bh4 Bh7 17.f4 g5 18.fxg5 Bg6 19.gxh6 Rxh6 20.Qg4 Nc2 21.Bxe6 Rxh4 22.Qxh4 Nxa1
23.Bxf7+ Bxf7 24.Qf6 Bc4 25.e6 Qc7 26.Qh8+ Ke7 27.Rf7+ Kd6 28.e5+  1-0

[Event "Bayern-ch Bank Hofmann 2nd"]
[Site "Bad Wiesse"]
[Date "1998.??.??"]
[Round "4"]
[White "Rogozenko, Dorin"]
[Black "Khalifman, Alexander"]
[Result "0-1"]
[WhiteElo "2435"]
[BlackElo "2645"]

1.d4 Nf6 2.c4 g6 3.g3 Bg7 4.Bg2 O-O 5.Nc3 d6 6.Nf3 Nc6 7.O-O a6 8.d5 Na5
9.Nd2 c5 10.Qc2 Rb8 11.b3 b5 12.Rb1 e5 13.cxb5 axb5 14.b4 cxb4 15.Rxb4 Bd7
16.Ba3 Ne8 17.Rfb1 Rc8 18.e4 Qc7 19.Bb2 Qc5 20.Ba1 f5 21.Qd1 f4 22.Qe2 fxg3
23.hxg3 Bh6 24.Nf1 Nc4 25.a4 Na3 26.R1b3 bxa4 27.Nxa4 Qc1 28.Bb2 Qc2 29.Qxc2 Rxc2
30.Bxa3 Rfxf2 31.Bh1 Bh3 32.Rb1 Rxf1+  0-1

[Event "Bayern-ch Bank Hofmann 2nd"]
[Site "Bad Wiesse"]
[Date "1998.??.??"]
[Round "5"]
[White "Khalifman, Alexander"]
[Black "Jaracz, Pawel"]
[Result "1-0"]
[WhiteElo "2645"]
[BlackElo "2465"]

1.d4 Nf6 2.c4 e6 3.Nf3 b6 4.Nc3 Bb4 5.Qb3 a5 6.Bg5 Bb7 7.e3 O-O 8.Bd3 h6
9.Bh4 d5 10.cxd5 exd5 11.O-O Nbd7 12.Rad1 c5 13.Bb5 c4 14.Qa4 Qc7 15.Rc1 Rfc8
16.a3 Bxc3 17.bxc3 Qd6 18.Nd2 Bc6 19.Bxc6 Rxc6 20.Rb1 Re8 21.Rfe1 Qc7 22.Bg3 Qc8
23.f3 Rce6 24.Bf2 Nf8 25.Nf1 Ng6 26.Qc2 Qc6 27.a4 Ne7 28.Bh4 g5 29.Bf2 Nc8
30.Rb2 Nd6 31.Reb1 Nd7 32.Bg3 Nc8 33.Bf2 Nd6 34.Ng3 Rg6 35.h3 Rge6 36.Ra1 Rf8
37.e4 Rfe8 38.e5 Nc8 39.Nf5 Rg6 40.h4 Ne7 41.h5 Re6 42.g4 Kh8 43.Bg3 Ng8
44.Nd6 R8e7 45.Nf5 Re8 46.Nd6 R8e7 47.Re1 Qa8 48.Qf5 f6 49.Nf7+ Kg7 50.Qg6+ Kf8
51.Nxh6 Rg7 52.Qf5 Qe8 53.Nxg8 Kxg8 54.Rbb1 fxe5 55.Bxe5 Nxe5 56.Rxe5 Rxe5
57.Qxe5 Qxe5 58.dxe5 Re7 59.Rxb6 Rxe5 60.Kf2 Kf7 61.Rb5 Ke6 62.Rxa5 Kd6 63.Ra8 Re7
64.h6 Rh7 65.f4 d4 66.Rd8+  1-0

[Event "Bayern-ch Bank Hofmann 2nd"]
[Site "Bad Wiesse"]
[Date "1998.??.??"]
[Round "6"]
[White "Lobron, Eric"]
[Black "Khalifman, Alexander"]
[Result "1-0"]
[WhiteElo "2540"]
[BlackElo "2645"]

1.Nf3 c5 2.e4 Nc6 3.Bb5 g6 4.O-O Bg7 5.Bxc6 dxc6 6.d3 Nf6 7.h3 Nd7 8.c3 O-O
9.d4 b6 10.Re1 cxd4 11.cxd4 e5 12.Bg5 Qc7 13.Be7 Re8 14.d5 cxd5 15.exd5 e4
16.d6 Qc6 17.Ng5 Nc5 18.Nd2 Bb7 19.Ndxe4 f5 20.Qf3 Nxe4 21.Rxe4 h6 22.Qb3+ Qd5
23.Re2 hxg5 24.d7 Reb8 25.Rd1 Qxb3 26.axb3 Ba6 27.Re3 f4 28.Re4 Bb7 29.Ree1 f3
30.gxf3 Bxf3 31.d8=Q+ Rxd8 32.Rxd8+ Rxd8 33.Bxd8 g4 34.hxg4 Bxg4 35.Ra1 Bxb2
36.Rxa7 b5 37.Rb7 Be2 38.Rd7 Bg7 39.Bb6 Bh6 40.Be3 Bf8 41.Kg2 Bg4 42.Rd5 Be2
43.f3 b4 44.Bc5  1-0

[Event "Bayern-ch Bank Hofmann 2nd"]
[Site "Bad Wiesse"]
[Date "1998.??.??"]
[Round "9"]
[White "Khalifman, Alexander"]
[Black "Gabriel, Christian"]
[Result "1-0"]
[WhiteElo "2645"]
[BlackElo "2555"]

1.d4 d5 2.c4 dxc4 3.Nf3 Nf6 4.Nc3 c6 5.a4 Bf5 6.Ne5 Nbd7 7.Nxc4 Qc7 8.g3 e5
9.dxe5 Nxe5 10.Bf4 Nfd7 11.Bg2 f6 12.O-O Be6 13.Nxe5 fxe5 14.Bg5 h6 15.Be3 Bc5
16.Qc2 O-O-O 17.Qg6 Bb3 18.a5 Bxe3 19.fxe3 Nc5 20.Ra3 a6 21.Rxb3  1-0

[Event "New York op"]
[Site "New York"]
[Date "1998.??.??"]
[Round "7"]
[White "Khalifman, Alexander"]
[Black "Gurevich, Dmitry"]
[Result "1/2-1/2"]
[WhiteElo "2660"]
[BlackElo "2540"]

1.d4 d6 2.e4 Nf6 3.Nc3 g6 4.Bg5 c6 5.Qd2 b5 6.Bd3 h6 7.Be3 Bg7 8.f3 Nbd7
9.Nge2 a6 10.Nd1 e5 11.c3 d5 12.Nf2 Bb7 13.O-O Qe7 14.a4 bxa4 15.Bc2 c5 16.Bxa4 exd4
17.cxd4 dxe4 18.dxc5  1/2-1/2

[Event "New York op"]
[Site "New York"]
[Date "1998.??.??"]
[Round "9"]
[White "Khalifman, Alexander"]
[Black "Gamboa, Nelson"]
[Result "1-0"]
[WhiteElo "2660"]
[BlackElo "2405"]

1.e4 c5 2.Nf3 Nc6 3.Bb5 g6 4.Bxc6 bxc6 5.O-O Bg7 6.Re1 Nh6 7.c3 O-O 8.d4 cxd4
9.cxd4 d6 10.h3 Bd7 11.Nc3 Qa5 12.Be3 f6 13.a3 Rab8 14.Qd2 Nf7 15.b4 Qh5
16.Ne2 g5 17.d5 Rb7 18.Rac1 Rc8 19.dxc6 Rxc6 20.Ng3 Qg6 21.Nd4 Rxc1 22.Rxc1 Ne5
23.Ndf5 Qf7 24.Qd5 Qxd5 25.Nxe7+ Kf7 26.Nxd5 Bf8 27.Nf5 Nc6 28.Nd4 Nxd4 29.Bxd4 Be7
30.Rc3 f5 31.exf5 Bxf5 32.Rf3 Kg6 33.g4 Bc8 34.Nxe7+ Rxe7 35.Rf6+ Kg7 36.Re6+ Kf7
37.Rxe7+ Kxe7 38.Bxa7 Bd7 39.f3 Be8 40.Kf2 Ke6 41.Be3 Kf6 42.Kg3 Bc6 43.Bb6 Ke7
44.f4 gxf4+ 45.Kxf4 Ba4 46.Kg5 Kf7 47.Kh6 Kg8 48.g5 Bc2 49.Bd4 Ba4 50.h4 Be8
51.h5  1-0

[Event "JUG Cup"]
[Site "Ulcinj"]
[Date "1998.??.??"]
[Round "3"]
[White "Khalifman, Alexander"]
[Black "Ivanovic, Bozidar"]
[Result "1/2-1/2"]
[WhiteElo "2660"]
[BlackElo "2515"]

1.d4 Nf6 2.Nf3 d5 3.c4 dxc4 4.Nc3 e6 5.e4 Bb4 6.Bg5 h6 7.Bxf6 Qxf6 8.Bxc4 O-O
9.O-O Nd7 10.Rc1 Rd8 11.a3 Bxc3 12.Rxc3 c5 13.Rd3 Rf8 14.Qd2 a6 15.a4 Rb8
16.a5 b5 17.axb6 Nxb6 18.Ba2 cxd4 19.Rxd4 Nd7 20.Bc4 Ne5 21.Nxe5 Qxe5 22.b3 Bb7
23.f3 Bc6 24.Rc1 Bb5  1/2-1/2

[Event "JUG Cup"]
[Site "Ulcinj"]
[Date "1998.??.??"]
[Round "5"]
[White "Beliavsky, Alexander G"]
[Black "Khalifman, Alexander"]
[Result "1-0"]
[WhiteElo "2690"]
[BlackElo "2660"]

1.d4 d5 2.c4 c6 3.Nf3 Nf6 4.Nc3 e6 5.Bg5 dxc4 6.e4 b5 7.e5 h6 8.Bh4 g5 9.Nxg5 hxg5
10.Bxg5 Nbd7 11.exf6 Bb7 12.g3 c5 13.d5 Qb6 14.Bg2 O-O-O 15.O-O b4 16.Na4 Qa6
17.a3 Bxd5 18.axb4 Bxg2 19.Kxg2 Qc6+ 20.f3 cxb4 21.Qe2 Bd6 22.Rfd1 Ne5 23.Rxd6 Qxd6
24.Bf4 Rh5 25.Re1 Qc6 26.Bxe5 Rd5 27.Bf4 Qxa4 28.g4 Rd4 29.gxh5 Rxf4 30.Kg3 Rd4
31.h6 Qa5 32.Qe3 Qc7+ 33.Qe5 Rd8 34.Kg4 Rh8 35.Kh5 a5 36.f4 Qxe5+ 37.Rxe5 Kb7
38.Rxa5 Kb6 39.Rg5 Kc6 40.h4 Kb6 41.Rg7 b3 42.Rxf7 c3 43.Rg7 c2 44.Rg1 Kc5
45.f7 Kd6 46.Rg8  1-0

[Event "JUG Cup"]
[Site "Ulcinj"]
[Date "1998.??.??"]
[Round "7"]
[White "Khalifman, Alexander"]
[Black "Sokolov, Alexander"]
[Result "1-0"]
[WhiteElo "2660"]
[BlackElo "2380"]

1.d4 Nf6 2.c4 e6 3.Nf3 b6 4.Nc3 Bb7 5.a3 d5 6.cxd5 Nxd5 7.Qc2 Nxc3 8.bxc3 Be7
9.e4 O-O 10.Bd3 c5 11.O-O Qc8 12.Qa2 Nc6 13.Bf4 Na5 14.Qe2 Rd8 15.Rad1 Bf8
16.h3 h6 17.a4 Qd7 18.Bb5 Qe7 19.Bg3 a6 20.Bd3 cxd4 21.cxd4 Nc6 22.Bc4 Na5
23.Bd3 Nc6 24.Bb1 Nb4 25.Bh4 g5 26.Bg3 Bg7 27.h4 g4 28.Ne5 h5 29.f3 Nc6 30.fxg4 Nxd4
31.Qf2 Nc6 32.Nxc6 Bxc6 33.Bd6 Rxd6 34.Rxd6 Qxd6 35.Qxf7+ Kh8 36.Qxh5+ Kg8
37.e5 Qd4+ 38.Kh1 Bxg2+ 39.Kxg2 Qd5+ 40.Kg1 Qd4+ 41.Kg2 Qd2+ 42.Rf2 Qh6 43.Qxh6 Bxh6
44.Rf6 Be3 45.Kf3 Bc5 46.Ba2 b5 47.Bxe6+ Kh8 48.g5 bxa4 49.g6 Kg7 50.h5 Kh6
51.Rf7 Rf8 52.Kg4 Rxf7 53.gxf7 Kg7 54.Ba2 Kf8 55.h6 a3 56.Kg5 Bb4 57.Kf6  1-0

[Event "EUCup final 14th"]
[Site "Belgrade"]
[Date "1999.01.11"]
[Round "1"]
[White "Khalifman, Alexander"]
[Black "Golod, Vitali"]
[Result "1/2-1/2"]
[WhiteElo "2616"]
[BlackElo "2554"]

1.e4 e5 2.Nf3 Nc6 3.Bb5 a6 4.Ba4 Nf6 5.O-O Nxe4 6.d4 b5 7.Bb3 d5 8.dxe5 Be6
9.Nbd2 Bc5 10.Nxe4 dxe4 11.Ng5 Qxd1 12.Rxd1 Bxb3 13.axb3 O-O 14.Nxe4 Bb6
15.Bf4 Rfe8 16.Nc3 Nd4 17.Rd2 Ne6 18.Be3 Bxe3 19.fxe3 b4 20.Nd5 Reb8 21.Ra5 Kf8
22.Nf4 Rb6 23.Kf1 Ke8 24.Ke2 Nd8 25.Nd5 Rb7 26.Rd1 c6 27.Nf4 Rb6 28.Nh5 Ne6
29.Rda1 Ra7 30.Nf4 Nd8 31.Rc5 Re7 32.Rca5 Ra7 33.Rc5 Re7 34.Nd3 Nb7 35.Rc4 a5
36.Rf1 Nd8 37.Rh4 h6 38.Rc4 Rb5 39.g4 Rd5 40.Rd4 Red7 41.Rc4 Rc7 42.Rc5 Rxc5
43.Nxc5 Re7 44.Nd3 Rb7 45.Rf4 Ne6 46.Rc4 Kd7 47.Nf4 Rb5 48.Nxe6 fxe6 49.Rd4+ Kc7
50.Rf4 Rc5 51.Kd2 Rd5+ 52.Ke2  1/2-1/2

[Event "EUCup final 14th"]
[Site "Belgrade"]
[Date "1999.01.12"]
[Round "2"]
[White "Anand, Viswanathan"]
[Black "Khalifman, Alexander"]
[Result "1/2-1/2"]
[WhiteElo "2784"]
[BlackElo "2616"]

1.e4 c5 2.Nf3 Nc6 3.d4 cxd4 4.Nxd4 Nf6 5.Nc3 e5 6.Ndb5 d6 7.Bg5 a6 8.Na3 b5
9.Bxf6 gxf6 10.Nd5 f5 11.c3 Bg7 12.exf5 Bxf5 13.Nc2 O-O 14.a4 Ne7 15.Bd3 Be6
16.Be4 Rc8 17.O-O Rc4 18.Nxe7+ Qxe7 19.Bd5 Rxa4 20.Ne3 Rxa1 21.Qxa1 Bc8 22.Qb1 Qg5
23.Qd3 Qg6 24.Rd1 Qxd3 25.Rxd3 Bh6 26.c4 Bxe3 27.fxe3 bxc4 28.Bxc4 Rd8 29.Ra3 d5  1/2-1/2

[Event "Beersheba-Peterburg Kings m"]
[Site "St Petersburg"]
[Date "1999.06.05"]
[Round "1"]
[White "Huzman, Alexander"]
[Black "Khalifman, Alexander"]
[Result "1/2-1/2"]
[WhiteElo "2575"]
[BlackElo "2616"]

1.d4 Nf6 2.Nf3 e6 3.c4 d5 4.Nc3 Bb4 5.cxd5 exd5 6.Bg5 h6 7.Bxf6 Qxf6 8.Qa4+ Nc6
9.e3 O-O 10.Be2 Be6 11.O-O a6 12.Qc2 Bd6 13.a3 Ne7  1/2-1/2

[Event "Beersheba-Peterburg Kings m"]
[Site "St Petersburg"]
[Date "1999.06.10"]
[Round "6"]
[White "Khalifman, Alexander"]
[Black "Huzman, Alexander"]
[Result "1/2-1/2"]
[WhiteElo "2616"]
[BlackElo "2575"]

1.Nf3 c5 2.c4 Nc6 3.Nc3 e5 4.d3 g6 5.a3 Bg7 6.b4 d6 7.Rb1 Nge7 8.g3 b6 9.Bg2 Bb7
10.O-O O-O 11.Nd5 Qd7 12.Ng5 h6 13.Ne4 f5 14.Nec3 Nxd5 15.cxd5 Ne7 16.Bd2 Rac8
17.Qb3 Ba6 18.b5 Bb7 19.a4  1/2-1/2

[Event "Beersheba-Peterburg Kings m"]
[Site "St Petersburg"]
[Date "1999.06.15"]
[Round "10"]
[White "Khalifman, Alexander"]
[Black "Mikhalevski, Victor"]
[Result "1-0"]
[WhiteElo "2616"]
[BlackElo "2531"]

1.Nf3 Nf6 2.c4 g6 3.Nc3 d5 4.cxd5 Nxd5 5.e4 Nxc3 6.bxc3 c5 7.d4 Bg7 8.Rb1 O-O
9.Be2 Nc6 10.d5 Ne5 11.Nxe5 Bxe5 12.Qd2 e6 13.f4 Bc7 14.O-O exd5 15.exd5 Ba5
16.d6 b6 17.Bf3 Bf5 18.Bxa8 Bxb1 19.Bc6 Bf5 20.Re1 Qf6 21.Bb2 Rd8 22.Re8+ Rxe8
23.Bxe8 a6 24.a4 Qd4+ 25.Qxd4 cxd4 26.d7 b5 27.cxd4 b4 28.d5 Kf8 29.Bf6 b3
30.d6 Bd8 31.Bb2 Be4 32.Kf2 f5 33.Ke3 Bc6 34.Kd3 Bxa4 35.Kc4 Bc6 36.g3 Bf3
37.Kxb3 Bd5+ 38.Kb4 Bf7 39.Bxf7 Kxf7 40.Kc5 Ke6 41.Kc6 a5 42.Ba3 a4 43.Bb4 h6
44.h4 h5 45.Ba3  1-0

[Event "EUCup final 15th"]
[Site "Bugojno"]
[Date "1999.10.29"]
[Round "1"]
[White "Huzman, Alexander"]
[Black "Khalifman, Alexander"]
[Result "1-0"]
[WhiteElo "2581"]
[BlackElo "2628"]

1.d4 d5 2.c4 c6 3.Nf3 Nf6 4.Nc3 a6 5.c5 Nbd7 6.Bf4 Nh5 7.e3 Nxf4 8.exf4 b6
9.cxb6 Qxb6 10.Qd2 e6 11.Rc1 Rb8 12.Na4 Qb4 13.Qxb4 Bxb4+ 14.Kd1 Bb7 15.a3 Bd6
16.g3 f6 17.Bh3 Kf7 18.Re1 Rhe8 19.Rc3 a5 20.Kc2 h6 21.Rce3 Nf8 22.Nc5 Bc8
23.Kb1 g5 24.Nd3 Bd7 25.Bg4 Ng6 26.Bh5 Kg7 27.h4 gxf4 28.Nxf4 Bxf4 29.gxf4 Kh7
30.f5 exf5 31.Rg1 Nf4 32.Bxe8 Rxe8 33.Rxe8 Bxe8 34.Re1 Bh5 35.Re7+ Kg6 36.Ne1 Ne2
37.Nc2 Bf3 38.Re3 Bh5 39.f3 Ng1 40.Ne1 f4 41.Rc3 Ne2 42.Rxc6 Nxd4 43.Rc3 Kf5
44.b4 axb4 45.axb4 Ke6 46.Kb2 Kd6 47.Rd3 Ke5 48.Rc3 Kd6 49.Ra3 Ke5 50.Kc1 Be8
51.Kd2 Bh5 52.Rc3 Kd6 53.Kd3 Nb5 54.Rc8 Bg6+ 55.Kd2 Nd4 56.Rh8 Nf5 57.Rd8+ Kc7
58.Rf8 Nxh4 59.Rxf6 h5 60.Ke2 Bb1 61.Rxf4 Ng6 62.Rf6 Ne5 63.Ke3 Nc6 64.Nd3 Bxd3
65.Kxd3 Nxb4+ 66.Kd4 h4 67.Rh6 Kd7 68.Ke5 Nd3+ 69.Kxd5 Ke7 70.Rxh4 Kf6 71.Kd4 Nb4
72.Kc4  1-0

[Event "Match"]
[Site "Budapest HUN"]
[Date "2000.01.08"]
[Round "5"]
[White "Khalifman,A"]
[Black "Leko,P"]
[Result "1/2-1/2"]
[WhiteElo "2628"]
[BlackElo "2701"]

1.d4 Nf6 2.c4 g6 3.f3 d5 4.cxd5 Nxd5 5.e4 Nb6 6.Nc3 Bg7 7.Be3 e5 8.d5 c6
9.Qd2 cxd5 10.Bb5+ Bd7 11.Bxb6 Qxb6 12.Bxd7+ Nxd7 13.Nxd5 Qd6 14.Ne2 h5 15.Qb4 Qxb4+
16.Nxb4 Bh6 17.Nd5 O-O 18.Nec3 Nc5 19.Rd1 Kg7 20.h4 Ne6 21.Kf2 Rfd8 22.g4 f6
23.gxh5 gxh5 24.Ne7 Kf7 25.Nf5 Bf8 26.Nd5 Rac8 27.Rc1 Bc5+ 28.Ke2 Nd4+ 29.Nxd4 Bxd4
30.Kd3 Rg8 31.Rxc8 Rxc8 32.f4 Rg8 33.f5 Rg3+ 34.Ke2 Rg2+ 35.Kf3 Rf2+ 36.Kg3 Rxb2
37.Rc1 Bf2+ 38.Kh3 Bb6 39.Rc8 Re2 40.Rb8 Rxe4 41.Rxb7+ Kf8 42.Nxf6 Re3+ 43.Kg2  1/2-1/2

[Event "Bundesliga 1999-2000"]
[Site "Solingen GER"]
[Date "2000.01.29"]
[Round "8"]
[White "Sadler,M"]
[Black "Khalifman,A"]
[Result "1-0"]
[WhiteElo "2630"]
[BlackElo "2656"]

1.d4 Nf6 2.c4 e6 3.Nc3 Bb4 4.e3 c5 5.Ne2 cxd4 6.exd4 d5 7.c5 O-O 8.a3 Bxc3+
9.Nxc3 Nc6 10.Be2 e5 11.dxe5 Nxe5 12.Be3 Nc4 13.Bg5 Nxb2 14.Qd4 Be6 15.O-O h6
16.Bh4 Nc4 17.f4 Na5 18.f5 Nb3 19.Qe5 Nxa1 20.fxe6 fxe6 21.Qxe6+ Kh8 22.Rxa1 d4
23.Nb5 d3 24.Bf3 Qe8 25.Qxe8 Raxe8 26.Rd1 g5 27.Bf2 Ne4 28.Bd4+ Kh7 29.Nc7 Re7
30.Nd5 Re6 31.Bxe4+ Rxe4 32.Nf6+ Rxf6 33.Bxf6 Kg6 34.Bc3 Ra4 35.Bb2 Rc4 36.Rxd3 Rxc5
37.Rd6+ Kf5 38.Rxh6 Ke4 39.Re6+ Kf4 40.Kf2  1-0

[Event "Japfa Classic"]
[Site "Bali INA"]
[Date "2000.04.22"]
[Round "1"]
[White "Zaw Win Lay"]
[Black "Khalifman,A"]
[Result "0-1"]
[WhiteElo "2633"]
[BlackElo "2656"]

1.e4 e6 2.d4 d5 3.Nd2 c5 4.exd5 Qxd5 5.Ngf3 cxd4 6.Bc4 Qd6 7.O-O Nf6 8.Nb3 Nc6
9.Nbxd4 Nxd4 10.Nxd4 a6 11.Re1 Qc7 12.Bb3 Bd6 13.Nf5 Bxh2+ 14.Kh1 O-O 15.Nxg7 Rd8
16.Qf3 Kxg7 17.Bh6+ Kg6 18.Rad1 Rxd1 19.Rxd1 e5 20.Kxh2 Ng4+ 21.Kg1 Kxh6  0-1

[Event "Japfa Classic"]
[Site "Bali INA"]
[Date "2000.04.23"]
[Round "2"]
[White "Ehlvest,J"]
[Black "Khalifman,A"]
[Result "1/2-1/2"]
[WhiteElo "2622"]
[BlackElo "2656"]

1.e4 e6 2.d4 d5 3.Nc3 Nf6 4.Bg5 dxe4 5.Nxe4 Be7 6.Bxf6 Bxf6 7.Nf3 O-O 8.Qd2 Be7
9.O-O-O Qd5 10.Nc3 Qa5 11.Ne5 Bb4 12.Nc4 Bxc3 13.Nxa5 Bxd2+ 14.Rxd2 b6 15.Nc4 Bb7
16.Ne3 Nd7 17.Bb5 Nf6 18.f3 Rfd8 19.Rhd1 Kf8  1/2-1/2

[Event "Japfa Classic"]
[Site "Bali INA"]
[Date "2000.04.24"]
[Round "3"]
[White "Khalifman,A"]
[Black "Gunawan,Ru"]
[Result "1/2-1/2"]
[WhiteElo "2656"]
[BlackElo "2507"]

1.e4 c5 2.Nf3 e6 3.d4 cxd4 4.Nxd4 a6 5.Nc3 b5 6.Bd3 Qb6 7.Be3 Bc5 8.Be2 Nc6
9.Nxc6 dxc6 10.Bxc5 Qxc5 11.Qd3 e5 12.O-O-O Be6 13.Qg3 Kf8 14.f4 exf4 15.Qxf4 Ne7
16.Rhf1 h5 17.Kb1 Kg8 18.Qd6 Qxd6 19.Rxd6 Rc8 20.Bd3 Ng6 21.Nd5 h4 22.Nb4 Ne5
23.Nxa6 Rh6 24.b3 Rg6 25.Rf2 Kf8 26.Nc5 Ke7 27.Rd4 Ng4 28.Rd2 Nxh2 29.e5 Rg4
30.Nxe6 Kxe6 31.Rd6+ Kxe5 32.Rd7 f5 33.Re2+ Kf6 34.Rd6+ Kg5 35.Ree6 Kf4 36.Rd4+ Kg5
37.Rdd6 Kf4 38.Rd4+ Kg3 39.Rdd6 Rf8 40.Rxc6 Kxg2 41.Bxb5 f4 42.Rcd6 f3 43.Bc6 Kh3
44.Re3 Rg3 45.Bd7+ Kg2 46.Bc6 Ng4 47.Re7 Nf2 48.Rd2 Rg6 49.Bd5 Kg3 50.Re1 Nh3
51.a4 f2 52.Rf1 Rff6 53.a5  1/2-1/2

[Event "Japfa Classic"]
[Site "Bali INA"]
[Date "2000.04.29"]
[Round "7"]
[White "Khalifman,A"]
[Black "Adianto,U"]
[Result "1-0"]
[WhiteElo "2656"]
[BlackElo "2584"]

1.e4 c6 2.d4 d5 3.e5 Bf5 4.Nc3 e6 5.g4 Bg6 6.Nge2 c5 7.Be3 Nc6 8.dxc5 Nxe5
9.Nd4 Nf6 10.f4 Ned7 11.f5 exf5 12.c6 bxc6 13.Nxc6 Qc7 14.Bb5 a6 15.Qe2 Qd6
16.Ba4 f4 17.Bxf4+ Qe6 18.g5 Qxe2+ 19.Kxe2 Nh5 20.Be3 Bf5 21.Nxd5 Bd6 22.Kf2 Bh3
23.Rad1 f6 24.Nb6 Nxb6 25.Bxb6 O-O 26.Rxd6 fxg5+ 27.Ke3 Rae8+ 28.Kd2 Nf6
29.Rd8 h5 30.Rxe8 Nxe8 31.Bc5 Rf4 32.Ne7+ Kf7 33.Bb3+ Be6 34.Bxe6+ Kxe6 35.Re1+ Kd7
36.Ng6 Rf5 37.Re7+ Kc6 38.Rxe8  1-0

[Event "Japfa Classic"]
[Site "Bali INA"]
[Date "2000.05.02"]
[Round "9"]
[White "Khalifman,A"]
[Black "Karpov,An"]
[Result "1/2-1/2"]
[WhiteElo "2656"]
[BlackElo "2696"]

1.e4 e5 2.Nf3 Nf6 3.Nxe5 d6 4.Nf3 Nxe4 5.d4 d5 6.Bd3 Be7 7.O-O Nc6 8.c4 Nb4
9.Be2 O-O 10.Nc3 Be6 11.Ne5 f6 12.Nf3 c5 13.Be3 Rc8 14.dxc5 Bxc5 15.Bxc5 Rxc5
16.Qb3 a5 17.Rad1 Qe7 18.Na4 Bf7 19.Qe3 Rc7 20.a3 Na6 21.cxd5 Nd6 22.Qxe7 Rxe7
23.Bxa6 bxa6 24.Nd4 Bxd5 25.Nf5 Nxf5 26.Rxd5 Re5 27.Rxe5 fxe5 28.Re1 Re8
29.Kf1 Kf7 30.Nc5 Re7 31.Nxa6 Ke6 32.f4 Kd5 33.Rxe5+ Rxe5 34.fxe5 Ne3+ 35.Kg1 Nc4
36.b4 a4 37.Nc5 Kxe5 38.Nxa4 Nxa3 39.Nc5 Kd5 40.Kf2 Nc2 41.Na6 Kc6 42.Kg3 Kb5
43.Nc7+ Kc6 44.Ne6 Nxb4 45.Nxg7 Kd6 46.Kg4 Nd5 47.Kg5 h6+ 48.Kg4 Ke5 49.Nh5 Ne3+
50.Kf3 Nc2 51.g4 Nd4+ 52.Kf2 Ne6 53.Ke3 Nc7 54.h3 Ne6 55.h4 Nc7 56.Nf4 Nb5
57.Nh5 Nc7 58.Ng3 Nd5+ 59.Kf3 Nc7 60.h5 Ne6 61.Nf5 Ng5+ 62.Ke3 Nf7 63.Nd4 Kf6
64.Kf4  1/2-1/2

[Event "FIDE World Cup Gp D"]
[Site "Shenyang CHN"]
[Date "2000.08.01"]
[Round "1"]
[White "Khalifman,A"]
[Black "Tkachiev,V"]
[Result "1/2-1/2"]
[WhiteElo "2667"]
[BlackElo "2657"]

1.d4 d5 2.c4 dxc4 3.e4 e5 4.Nf3 Bb4+ 5.Nc3 exd4 6.Nxd4 Ne7 7.Bxc4 Nbc6 8.Be3 O-O
9.Nb5 Ba5 10.O-O a6 11.Nd4 Nxd4 12.Bxd4 Qd6 13.Be3 Be6 14.Qb3 Bxc4 15.Qxc4 Qc6
16.Qxc6 Nxc6 17.Nd5 Rfe8 18.f3  1/2-1/2

[Event "FIDE World Cup Gp D"]
[Site "Shenyang CHN"]
[Date "2000.08.03"]
[Round "3"]
[White "Khalifman,A"]
[Black "Tissir,M"]
[Result "1-0"]
[WhiteElo "2667"]
[BlackElo "2342"]

1.d4 d5 2.c4 e6 3.Nf3 Nf6 4.g3 dxc4 5.Bg2 Bb4+ 6.Bd2 Be7 7.O-O O-O 8.Qc2 a6
9.Qxc4 b5 10.Qc2 Bb7 11.Rc1 Bd6 12.Bg5 Nbd7 13.Bxf6 Nxf6 14.Nbd2 Rc8 15.Nb3 Be4
16.Qc3 Bd5 17.Nfd2 Bxg2 18.Kxg2 b4 19.Qc6 e5 20.dxe5 Bxe5 21.Nc4 Qe7 22.e4 Rfe8
23.Rf1 Qd7 24.Qxd7 Nxd7 25.f4 Bd6 26.Kf3 Bf8 27.Rac1 Nb6 28.Nba5 Rcd8 29.Rfd1 h5
30.Ne3 Rxd1 31.Rxd1 Na4 32.Nac4 Nb6 33.e5 a5 34.Nxa5 Ra8 35.Nc6 Rxa2 36.Rd8 Ra8
37.Rxa8 Nxa8 38.Nd5 Nb6 39.Ndxb4 Bxb4 40.Nxb4 c5 41.Nd3 c4 42.Nc5 Nd5 43.Na4 Kh7
44.Ke4  1-0

[Event "XVI ECC"]
[Site "Neum BIH"]
[Date "2000.09.27"]
[Round "4"]
[White "Khalifman,A"]
[Black "Bareev,E"]
[Result "1/2-1/2"]
[WhiteElo "2667"]
[BlackElo "2702"]

1.d4 d5 2.c4 c6 3.Nc3 Nf6 4.Nf3 dxc4 5.a4 Bf5 6.e3 e6 7.Bxc4 Bb4 8.O-O Nbd7
9.Qe2 Bg6 10.e4 O-O 11.Bd3 Bh5 12.Bf4 Re8 13.e5 Nd5 14.Nxd5 cxd5 15.h3 a6
16.g4 Bg6 17.Bxg6 fxg6 18.Kg2 Rc8 19.Be3 Nf8 20.h4 h6 21.Qd3 Qd7 22.Qb3  1/2-1/2

[Event "XVI ECC"]
[Site "Neum BIH"]
[Date "2000.09.29"]
[Round "6"]
[White "Khalifman,A"]
[Black "Ponomariov,R"]
[Result "0-1"]
[WhiteElo "2667"]
[BlackElo "2630"]

1.d4 d5 2.c4 dxc4 3.e4 c5 4.d5 Nf6 5.Nc3 b5 6.Bf4 Ba6 7.e5 b4 8.exf6 bxc3
9.bxc3 gxf6 10.Rb1 Bg7 11.Qg4 Qxd5 12.Be2 Qe4 13.Rxb8+ Rxb8 14.Bxb8 Qb1+
15.Bd1 O-O 16.Bc7 Rc8 17.Qf4 Qb7 18.Ba5 Qb5 19.Bc7 Qb2 20.Ne2 e5 21.Bxe5 fxe5
22.Qg4 Rf8 23.O-O f5 24.Qg5 f4 25.Qe7 Bb7 26.Qxc5 Qxa2 27.Nc1 Qa6 28.Be2 Rc8
29.Qe7 Qc6 30.Bf3 e4 31.Bg4 Re8 32.Qh4 Qf6 33.Qxf6 Bxf6 34.Ne2 f3 35.Nd4 Bxd4
36.cxd4 Re7 37.Rc1 Bd5 38.h3 Rg7 39.Kf1 Rb7 40.gxf3 exf3 41.Ke1 a5 42.Kd2 a4
43.Ra1 Rb2+ 44.Ke3 Re2+ 45.Kf4 c3 46.Bd7 Rxf2 47.Bxa4 Rg2 48.Bb5 f2 49.Rc1 c2
50.Bf1 Rg1  0-1

[Event "34th Olympiad"]
[Site "Istanbul TUR"]
[Date "2000.11.02"]
[Round "6"]
[White "Khalifman,A"]
[Black "Jussupow,A"]
[Result "1/2-1/2"]
[WhiteElo "2667"]
[BlackElo "2610"]

1.d4 Nf6 2.c4 e6 3.Nf3 d5 4.Nc3 Nbd7 5.Bg5 c6 6.e3 Qa5 7.cxd5 Nxd5 8.Qd2 Bb4
9.Rc1 h6 10.Bh4 c5 11.a3 Bxc3 12.bxc3 b6 13.Bd3 Ba6 14.O-O Bxd3 15.Qxd3 cxd4
16.cxd4 O-O 17.e4 N5f6 18.Rc2 Rac8 19.Rfc1 Rxc2 20.Rxc2 Rd8 21.Bxf6 Nxf6
22.h3 b5 23.Rc5 a6  1/2-1/2